000 00226nam a22000857a 4500
008 160706b xxu||||| |||| 00| 0 eng d
100 _92316
_a Prakash, V
245 _aWhy be Bossy?
260 _aNew Delhi
_bDreamland Publication
_c2004
999 _c1994
_d1994